| 000 | 00677nam a2200193Ia 4500 | ||
|---|---|---|---|
| 003 | GCL | ||
| 008 | 140319s9999 xx 000 0 ara d | ||
| 040 |
_aGCL / _cGCL |
||
| 082 | 0 | 4 |
_a658.562 _bح ا |
| 100 | 1 | _aحسن اسماعيل الطافش | |
| 245 | 1 | 0 |
_aادارة الجودة فى صناعة الضيافة / _cحسن اسماعيل الطافش |
| 250 | _aالاولى | ||
| 260 |
_aالقاهرة : _bمكتبة النهضة المصرية ، _c2005 |
||
| 300 |
_a136 ص ؛ _c28 سم |
||
| 650 | 0 | 4 | _aالفنادق - تنظيم وادارة |
| 650 | 0 | 4 | _aادارة الجودة الشاملة |
| 650 | 0 | 4 | _aالمنشات السياحية |
| 942 |
_2ddc _cBK |
||
| 999 |
_c50890 _d50890 |
||